MDQL
is popping MORE tags! Check the
thread
!
Quizzes
Events
Quiz Creation
Community
Videos
Private Events
Remove Ads
Sign In
Join for FREE
Feedback
Dark Mode
Quiz Categories
Sports
Geography
Music
Movies
Television
Just For Fun
Miscellaneous
History
Literature
Language
Science
Gaming
Entertainment
Religion
Holiday
For Kids
Quiz Lab
Recent
Popular Today
Quiz Kudos Today
Editor Picks
Curator Picks
Quizzes by...
Day
Popularity
Type
Ratings
Length
Year
Community
Subscriptions
Recent Discussions
Orange Saloon
Badges
Playlists
Quests
Create
Leaderboards
Showdown
Live 5
Trivia Bingo
Activity
Puzzle Library
Sporcle Events
Private Events
Virtual Trivia
Globe League
Become a Host
Pub Owners
SporcleCon
Opinionation
Our Games
Videos
Blog
Mobile Apps
Partnerships
Remove Ads and Go Orange
Feedback
Sports
Athletes
MLB
NBA
NHL
NFL
Soccer
Sports Teams
WWE
NCAA
Football
Premier League
Basketball
Baseball
Hockey
Golf
Tennis
Cricket
Rugby
Auto Racing
Olympics
World Cup
Sports
Athletes
MLB
NBA
NHL
NFL
Soccer
Sports Teams
WWE
NCAA
Football
Premier League
Basketball
Baseball
Hockey
Golf
Tennis
Cricket
Rugby
Auto Racing
Olympics
World Cup
Random Quiz
Search Sporcle
×
Quiz Lab
Quiz Lab
Sports
Goal Scorers
Type in answers that appear in a list
Type in answers that appear in a list
Classic
Best Score? Go Orange.
Ipswich Town Goalscorers 2010-13 Stats
Can you name the Ipswich Town Goalscorers 2010-13
By
alanlee
10m
47 Questions
195 Plays
195 Plays
195 Plays
Comments
Comments
Give Quiz Kudos
Give Quiz Kudos
-
- Ratings
hide this ad
More Info
Replay
Link that replays current quiz
Next Quiz
Link to next quiz in quiz playlist
You Got
0%
They Got
Avg Score
46%
Avg Friend Score
Upgrade to see
Score Distribution
Jump to the score distribution portion of the page
Score
0/47
Timer
10:00
0
Plays Today
Player
% Correct
Daryl Murphy
88.2%
Tommy Smith
86.2%
Luke Chambers
75.4%
Aaron Cresswell
74.4%
David McGoldrick
72.8%
Grant Leadbitter
69.7%
Damien Delaney
67.7%
Tamas Priskin
67.2%
Carlos Edwards
64.6%
Christophe Berra
63.1%
Connor Wickham
62.6%
Luke Hyam
62.6%
Gareth McAuley
62.1%
Jimmy Bullard
61.5%
Jason Scotland
61%
Michael Chopra
60.5%
Pablo Counago
56.9%
Lee Martin
56.4%
Jon Walters
52.8%
David Norris
51.8%
DJ Campbell
49.7%
Jay Emmanuel-Thomas
48.7%
Paul Anderson
45.1%
Jay Tabb
43.6%
Player
% Correct
Jon Stead
40.5%
Keith Andrews
40%
Frank Nouble
39.5%
Jaime Peters
39%
Lee Bowyer
39%
Colin Healy
34.9%
David Healy
34.4%
Paul Taylor
33.8%
Guirane N'Daw
33.8%
Owen Garvan
32.8%
Jack Colback
32.3%
Stern John
32.3%
Rory Fallon
29.7%
Andy Drury
25.6%
Anthony Wordsworth
23.6%
Ibrahima Sonko
23.1%
Aaron McLean
23.1%
Danny Collins
22.1%
Andros Townsend
21.5%
Josh Carson
21.5%
Ryan Stevenson
14.4%
Ronan Murray
13.8%
Massimo Luongo
6.7%
Quiz Playlist
Details
Report
Send in Message
Add To Playlist
More Info:
These players all scored for Ipswich in any competition in the period between 1 January 2010 and 31 December 2013
Classic:
Type in answers that appear in a list
Last Updated: Feb 16, 2017
Quiz Scoreboard
CHALLENGE
Sign Up to Join the Scoreboard
Show All
Scores
Hide
Comments
May contain spoilers
Recently Published
Image Sorting: Flags VI
by Barbecue
Geography
2m
Find the 'City' Movie
by crazypaving
Movies
60s
Colored Red Africa Blitz
by spor1
Geography
45s
More to Explore
Quiz From the Vault
Featured Blog Post
14 Easter Pick-up Lines to Find Eggs With
hide this ad
You Might Also Like...
Tags
Goal Scorers
Ipswich Town
Today's Top Quizzes in Sports
Browse Sports
hide this ad
Today's Top Quizzes in Goal Scorers
Browse Goal Scorers
Top Contributed Quizzes in Sports
1
Les meilleurs buteurs des matchs entre le PSG et l’OM
2
Les entraîneurs de l'OM et du PSG au 21e siècle
3
Les joueurs passés par le PSG et l'OM
4
2022 World Cup Stars
5
Players with Multiple 50 Home Run Seasons
6
Criteria MLB: Left Handed Sluggers
7
MLB Players with Two .350 Batting Average Seasons
8
Les joueurs passés par le LOSC et le RC Lens
9
NBA Logic Puzzle 2.0
10
Top 10 NHL Goal Scorers of All Time
Explore More
Trending Topics
Anime
Disney
Crossword
Kpop
Marvel
Harry Potter
NBA
NFL
Soccer
Puzzle
WWE
Country
Pokémon
Song
The Office
hide this ad
More By:
alanlee
Quiz
Plays
Rating
Category
Featured
Created
Ipswich players 2000-2009
1,397
5.00
Sports
Aug 27, 2010
Ipswich Town Player of the year
810
4.50
Sports
Oct 2, 2009
Top England goalscorers
561
3.00
Sports
Oct 2, 2009
Premier League leading scorer by season
546
3.86
Sports
Oct 3, 2009
Can you name the Ipswich XI that...
399
5.00
Sports
Jan 7, 2014
Go to Creator's Profile
Score Distribution
Quiz Creator Spotlight
alanlee
Follow
Send a Message
Quizzes Created
-
Created Quiz Play Count
-
More By This Creator
Popular Quizzes Today
1
Colored Red Africa Blitz
2
Find the US States - No Outlines Minefield
3
Find the 'City' Movie
4
5x2 Blitz: Bands
5
The Countries of the World
6
Find the US States
7
Find the Countries of Europe - No Outlines Minefield
8
US States
More Sports Quizzes
MLB 3-Decade All-Stars
Published
Trending Quizzes
Colored Red Europe Blitz I
Colored Red Europe Blitz II
Colored Red Africa Blitz II
Colored Red Europe Blitz III
Colored Red Africa Blitz III
Recently Updated
How Do You Spell That?
pecheneg
Godzilla Movies
pecheneg
Grab Bag: 4-10 Letters
pecheneg
2024 March Madness Bracket
pecheneg
Famous TV Couples
Peacemaker
Champions League XIs: Real Madrid
pecheneg
Largest US Cities 1790-2010
pecheneg
Rides in Walt Disney World
pecheneg
Most Oscar Losses (Acting)
pecheneg
Beyoncé Albums
pecheneg
Trending Topics
NBA
Anime
Kpop
Disney
Crossword
Harry Potter
Marvel
Soccer
Country
NFL
Puzzle
WWE
Song
Pokémon
The Office
Your Account Isn't Verified!
In order to create a playlist on Sporcle, you need to verify the email address you used during registration. Go to your
Sporcle Settings
to finish the process.
Report this User
Report this user for behavior that violates our
Community Guidelines
.
Details:
Send Report
Go to the Sporcle.com Mobile Site →
Comments